Los premios / (Registro nro. 876)
[ vista simple ]
| 000 -LEADER | |
|---|---|
| fixed length control field | 01144nam a22002297a 4500 |
| 003 - CONTROL NUMBER IDENTIFIER | |
| control field | AR-RoUNCS |
| 005 - DATE AND TIME OF LATEST TRANSACTION | |
| control field | 20260204140017.0 |
| 008 - FIXED-LENGTH DATA ELEMENTS--GENERAL INFORMATION | |
| fixed length control field | 050704s1984 ag gr 001 f spa |
| 015 ## - NATIONAL BIBLIOGRAPHY NUMBER | |
| National bibliography number | AR-1984 |
| 020 ## - INTERNATIONAL STANDARD BOOK NUMBER | |
| International Standard Book Number | 84-02-06958-4 |
| 040 ## - CATALOGING SOURCE | |
| Original cataloging agency | AR-BaBN |
| Language of cataloging | spa |
| Transcribing agency | AR-RoUNCS |
| Description conventions | aacr |
| 080 1# - UNIVERSAL DECIMAL CLASSIFICATION NUMBER | |
| Universal Decimal Classification number | 82-31(82) |
| Edition identifier | 2016 |
| 100 1# - MAIN ENTRY--PERSONAL NAME | |
| Personal name | Cortázar, Julio, |
| Dates associated with a name | 1914-1984 |
| Relator term | autor |
| Relationship | aut |
| 245 14 - TITLE STATEMENT | |
| Title | Los premios / |
| Statement of responsibility, etc. | Julio Cortázar. |
| 260 ## - PUBLICATION, DISTRIBUTION, ETC. | |
| Place of publication, distribution, etc. | Barcelona : |
| Name of publisher, distributor, etc. | Bruguera, |
| Date of publication, distribution, etc. | 1984. |
| 300 ## - PHYSICAL DESCRIPTION | |
| Extent | 414 p. ; |
| Dimensions | 19 cm. |
| 490 0# - SERIES STATEMENT | |
| Series statement | Libro amigo |
| Volume/sequential designation | 708 |
| 520 3# - SUMMARY, ETC. | |
| Summary, etc. | La historia narra el viaje de un grupo de personas, ganadoras de un sorteo, en el crucero Malcolm. Lo que debería ser un viaje de placer se ve nublado por la prohibición de ir a popa, misterio que muchos de los pasajeros intentan desentrañar, tomándolo todo como si fuera un juego. A lo largo del relato, el pasado de los personajes se va dando a conocer, pero la situación de cambio con la vida anterior que propone el viaje va distorsionando sus personalidades. Al final, hay un cambio notable en muchos de ellos. |
| 650 #7 - SUBJECT ADDED ENTRY--TOPICAL TERM | |
| Source of heading or term | embne |
| Topical term or geographic name entry element | Literatura argentina |
| 655 #7 - INDEX TERM--GENRE/FORM | |
| Genre/form data or focus term | Novelas |
| Source of term | embne |
| 942 ## - ADDED ENTRY ELEMENTS (KOHA) | |
| Source of classification or shelving scheme | Universal Decimal Classification |
| Koha item type | Libro de préstamo a domicilio |
| Suppress in OPAC | No |
| Withdrawn status | Lost status | Source of classification or shelving scheme | Damaged status | Not for loan | Collection | Home library | Current library | Date acquired | Source of acquisition | Total checkouts | Full call number | Barcode | Date last seen | Price effective from | Koha item type |
|---|---|---|---|---|---|---|---|---|---|---|---|---|---|---|---|
| Universal Decimal Classification | Colección General | Biblioteca Escuela de Ciencias Sociales | Biblioteca Escuela de Ciencias Sociales | 04/02/2026 | Donación 2023 | 82-31(82) C827 | 000689 | 04/02/2026 | 04/02/2026 | Libro de préstamo a domicilio |